Republica dominicana: balance de dieciocho meses de gobierno del PRD

Gespeichert in:
Bibliographische Detailangaben
Format: Text
Schlagworte:
Tags: Tag hinzufügen
Keine Tags, Fügen Sie den ersten Tag hinzu!

MARC

LEADER 00000 a a2200000 04500
001 17919
003
040
245 |a Republica dominicana:   |b balance de dieciocho meses de gobierno del PRD  
650 |a GOBIERNO  
650 |a ECONOMIA  
650 |a EDUCACION  
650 |a TRABAJADORES  
650 |a REPUBLICA DOMINICANA  
773 |g volumen 4, número 16; (1980) páginas 183-185  
999 |c 38202  |d 38202 
773 0 |0 42391  |9 3816  |a Agencia Latinoamericana de Información, ALAI  |d Quito, Ecuador: ALAI  |o 04311  |t ALAI:  |x 08275564 (Servicio mensual de información y documentación)